Etymologie nazw państw #1 - Statystyki

Ogólne statystyki
  • Ten quiz został rozwiązany 2 759 razy
    2 443 od ostatniego zresetowania
  • Średni wynik to 12 z 22
Statystyki odpowiedzi
Wskazówka Państwo % Poprawnych
"Biała Ruś" Białoruś
99%
"Ziemia Franków" Francja
93%
Nazwany na cześć Krzysztofa Kolumba Kolumbia
92%
Nazwany na cześć Simóna Bolívara Boliwia
90%
Nazwa pochodzi od rządzącej dynastii Qin Chiny
83%
„Kraina rzeki Indus” Indie
80%
Opisuje swoje położenie na południu kontynentu Republika Południowej Afryki
78%
„Czarna Góra” po wenecku Czarnogóra
76%
Nazwany na cześć króla Hiszpanii Filipa II Filipiny
62%
Łączy Tanganikę i Zanzibar Tanzania
59%
"Lesisty kraj" w średniowiecznym staroniderlandzkim Holandia
56%
Niepoprawnie nazywany „Krainą Maurów” Mauretania
53%
Od łacińskiego słowa oznaczającego „wolny” Liberia
46%
"Zbawiciel" po hiszpańsku Salwador
41%
„Bogate Wybrzeże” po hiszpańsku Kostaryka
39%
Nazwa pochodzi od biblijnej postaci Jakuba Izrael
32%
Nazwa pochodzi od prowincji w Holandii Nowa Zelandia
27%
Oznacza „Miasto Lwa” Singapur
20%
Nazwany „Małą Wenecją” przez Amerigo Vespucci Wenezuela
20%
„Państwo Ariów” Iran
17%
Pochodzi z języka łacińskiego i oznacza „południowy” Australia
15%
Od greckiego słowa oznaczającego „małe wyspy” Mikronezja
14%
Nie znaleziono quizów pasujących do podanych kryteriów
Rozkład punktacji
Procent ludzi z każdym wynikiem
Percentyl według liczby udzielonych odpowiedzi
Twoja historia wyników
Nie rozwiązałeś tego quizu od ostatniego zresetowania